Stopnie w Związku Strzeleckim - Statystyki

Ogólne statystyki
  • Ten quiz został rozwiązany 252 razy
  • Średni wynik to 9 z 12
Statystyki odpowiedzi
Obrazkowy Odpowiedź % Poprawnych
Strzelec
99%
Starszy Strzelec
98%
Sierżant
79%
Sekcyjny
77%
Starszy Sierżant
77%
Druzynowy
75%
Chorąży
70%
Starszy chorąży
65%
Młodszy Inspektor
60%
Inspektor
58%
Starszy Inspektor
56%
Brygadier
53%
Nie znaleziono quizów pasujących do podanych kryteriów
Rozkład punktacji
Procent ludzi z każdym wynikiem
Percentyl według liczby udzielonych odpowiedzi
Twoja historia wyników
Nie rozwiązałeś tego quizu